00985nam a2200241 a 4500001001000000003000500010005001700015008004100032010001100073011001100084040000900095100003200104245022400136260004100360500006000401502008200461650003200543650002600575650002400601650002000625700002800645856007000673000114340CHAP20220329144436.0180112s2017 mx sm |||||||spa d a110801 a111773 cCHAP1 aLázaro Lázaro, Emmanuel10aEstimación del contenido de carbono en sistemas agroforestales, forestales, pastizales y agrícolas en San Bartolomé Loxicha, Oaxaca; Méxicoh[En línea]cpor Emmanuel Lázaro Lázaro y Elvira Santigo Gómez. aChapingo, Méx. :bEl autor,c2017. aPara ver el contenido del material haga clic en la liga aTesis (Ing. en Recursos Naturales Renovables) -- UACH. Departamento de Suelos14aCarbonoxEfecto en plantas.14aSecuestro de carbono.14aSuelosxEcología.14aSuelosxOaxaca. aSantiago Gómez, Elvia aFinding aiduhttp://10.13.5.2/tesis/sist114340.pdfzTeclea aquí